[Event "Augustow op"]
[Site "Augustow"]
[Date "2004.??.??"]
[Round "2"]
[White "Prazmowski, Bartosz"]
[Black "Grygo, Cezary"]
[Result "0-1"]
[WhiteElo "1800"]
[BlackElo "1800"]
[PlyCount "122"]
[EventDate "2004.08.??"]
[EventType "swiss"]
[EventRounds "9"]
[EventCountry "POL"]
[SourceTitle "EXT 2008"]
[Source "ChessBase"]
[SourceDate "2007.11.25"]
[SourceVersion "1"]
[SourceVersionDate "2007.11.25"]
[SourceQuality "1"]

1. d4 Nf6 2. c4 e6 3. Nc3 Bb4 4. a3 Bxc3+ 5. bxc3 Ne4 6. Qc2 d5 7. cxd5 exd5 8. e3 Bf5 9. Bd3 Qf6 10. Nf3 Nd7 11. Bb2 Nd6 12. Bxf5 Qxf5 13. Qxf5 Nxf5 14. 0-0 0-0 15. Rfe1 Nf6 16. Nd2 Nd6 17. f3 Rfe8 18. Rac1 c6 19. c4 dxc4 20. Nxc4 Nxc4 21. Rxc4 Nd5 22. e4 Nf4 23. Rc3 Rad8 24. Rce3 Ne6 25. g3 Nxd4 26. Rb1 b6 27. a4 Ne6 28. Rc1 c5 29. f4 Rd7 30. f5 Nc7 31. e5 Red8 32. Re2 Rd1+ 33. Rxd1 Rxd1+ 34. Kf2 Nd5 35. e6 Kf8 36. Ba3 fxe6 37. fxe6 Ke7 38. Bb2 g6 39. Ba3 Nc7 40. a5 Nxe6 41. Ke3 Kd7 42. axb6 axb6 43. Rf2 Kd6 44. Rf7 h5 45. Rf6 g5 46. Rh6 b5 47. Rxh5 b4 48. Bb2 c4 49. Ke2 Rd5 50. Rh8 Nd4+ 51. Ke3 Nc6 52. Ra8 c3 53. Bc1 b3 54. Ba3+ Kd7 55. Rf8 Rd1 56. Rf7+ Kc8 57. Rf8+ Kb7 58. Rf2 c2 59. Ke2 c1Q 60. Bxc1 Rxc1 61. Kd3 Nb4+ 0-1